000
00423nam a2200145Ia 4500
003
SEM
008
141116s9999 xx 000 0 und d
080
_a
226/227 Փ-13
100
_a
Փալանջյան Հարություն
245
_a
Նոր կտակարանի գործք և թղթոց բնագրի բառացանկ /Զոհրաբյան/
260
_a
Կանադա
260
_c
1997
300
_a
293
942
_2
udc
_c
BK
999
_c
51877
_d
51877